000 00387 a2200157 4500
001 194235
020 _a978-85-7913-183-7
040 _cMagnum
100 _aTognetta, Luciene Regina Paulino
240 1 0 _aO menino e a mãe do menino
_lpor
245 1 0 _aO menino e a mãe do menino
300 _a24
362 0 _a2014
697 _aLÍNGUA - LINGÜÍSTICA - LITERATURA
942 _cBK
999 _c194235
_d194235